Επικοινωνίες υπολογιστών και δεδομένων
Αποθηκεύτηκε σε:
| Κύριος συγγραφέας: | |
|---|---|
| Άλλοι συγγραφείς: | , |
| Μορφή: | Βιβλίο |
| Γλώσσα: | Greek |
| Δημοσίευση: |
Θεσσαλονίκη :
Εκδόσεις Τζιόλα,
c2003.
|
| Έκδοση: | 6η εκδ. |
| Θέματα: | |
| Ετικέτες: |
Προσθήκη ετικέτας
Δεν υπάρχουν, Καταχωρήστε ετικέτα πρώτοι!
|
MARC
| LEADER | 00000cam a2200000 i 4500 | ||
|---|---|---|---|
| 001 | 1/29762 | ||
| 008 | 021127s2003####gr | ||| |||| ||gre|| | ||
| 020 | |a 9608050545 | ||
| 035 | |l 10068859 | ||
| 040 | |a GR-MyUA |b gre |e AACR2 | ||
| 041 | 1 | |a gre | |
| 082 | 7 | |a 004.6 |2 (22) | |
| 100 | 1 | |a Stallings, William. | |
| 245 | 1 | 0 | |a Επικοινωνίες υπολογιστών και δεδομένων / |c William Stallings ; μετάφραση Γιώργος Καρόπ[ουλος ... [κ.α]. ; επιμέλεια μετάφρασης Παύλος Θεοδώρου. |
| 250 | |a 6η εκδ. | ||
| 260 | |a Θεσσαλονίκη : |b Εκδόσεις Τζιόλα, |c c2003. | ||
| 300 | |a 1008 σ. ; |c 25 εκ. | ||
| 504 | |a Περιέχει βιβλιογραφικές αναφορές και ευρετήριο. | ||
| 650 | 0 | |a Data transmission systems. | |
| 650 | 0 | |a Computer networks. | |
| 700 | 1 | |a Θεοδώρου, Παύλος, |e edt | |
| 700 | 1 | |a Καρόπουλος, Γιώργος, |e trl | |
| 765 | 0 | 8 | |i Μετάφραση του: |t Data and computer communications / |
| 852 | |a INST |b SAMOS |e 20030624 |h 004.6 STA |p 005300024069 |q 005300024069 |t BK |y 0 | ||
| 852 | |a INST |b SAMOS |e 20030624 |h 004.6 STA |p 005300024070 |q 005300024070 |t BK |y 0 | ||
| 852 | |a INST |b SAMOS |e 20021127 |h 004.6 STA |p 005300024358 |q 005300024358 |t BK |y 23 | ||
| 852 | |a INST |b SAMOS |e 20021127 |h 004.6 STA |p 005300024359 |q 005300024359 |t BK |y 0 | ||
| 852 | |a INST |b SAMOS |e 20021127 |h 004.6 STA |p 005300024360 |q 005300024360 |t BK |y 0 | ||
| 852 | |a INST |b SAMOS |e 20021127 |h 004.6 STA |p 005300024361 |q 005300024361 |t BK |y 0 | ||
| 901 | |a BIBL3-2002-3 | ||
| 970 | |a ΠΟΥΡΝΑΡΑΣ |b ΔΗΜΗΤΡΗΣ |z 2002/11/27 | ||